| 000 | 00670nam a2200229 i 4500 | ||
|---|---|---|---|
| 001 | 57184 | ||
| 003 | ES-MaACL | ||
| 005 | 20250721144334.0 | ||
| 007 | t| | ||
| 008 | 031015s1973 sp ||||1| spa d | ||
| 020 | _a84-01-33056-4 | ||
| 080 | _a521(04) | ||
| 100 | 1 |
_aDitfurth, Hoimar von. _944884 |
|
| 245 | 1 | 0 |
_aHijos del universo / _cHoimar von Ditfurth ; [traducción de Ángel Sabrido]. |
| 250 | _a1ª ed. | ||
| 260 |
_aBarcelona : _bPlaza & Janés, _c1973. |
||
| 300 |
_a315 p., [10] h. de lám. : _bil. ; _c22 cm. |
||
| 650 | 7 |
_aAstronomía _2embne _910386 |
|
| 700 | 1 |
_aSabrido, Ángel. _9101219 |
|
| 852 |
_aES-MaACL _jC-53853 |
||
| 999 |
_c57184 _d57184 |
||